00338 a2200109 4500001001000000005001700010008004100027245005500068100002100123773006700144999001700211ART_1204820260410161902.0260409a 10aThe structure of simultaneous equations estimators1 aHendry, David F.0 tJournal of econometricsg- Vol. 4, NÂș 1 (feb. 1976)wREV11720 c26053d26053